00712nam a22001577a 4500082001300000100001800013245011300031260003700144300002000181650004000201700002700241942001300268999001900281952012700300952012700427 a620.0011 aJamshed, Zoha aSystems Engineering Security Framework for Analyzing and Combating Cyber Threats on Big Data /cZoha Jamshed aIslamabad : bMCS - NUST,c2018. a140 p. ;c30cm. aSystem Engineering-MS-Thesis922495 aDr. Rabia Latif935054 2ddccTHE c540876d540876 00102ddc406620_001100000000000709500722aCLbCLcTHEd2020-11-11l0o620.0011pCL-T-1035r2020-11-11w2020-11-11yTHE 00102ddc406620_001100000000000709500835aCLbCLcTHEd2020-11-12l0o620.0011pCL-T-1100r2020-11-12w2020-11-12yTHE